The Economics of Regional Integration

Guardado en:
Detalles Bibliográficos
Otros Autores: Nagy, Sándor Gyula
Formato: Libro
Lenguaje:inglés
Publicado: Abingdon Routledge 2025
Edición:1st Edition
Materias:
Etiquetas: Agregar Etiqueta
Sin Etiquetas, Sea el primero en etiquetar este registro!

MARC

LEADER 00000nam a2200000 4500
001 0312636
005 20251029125404.7
020 |a 9781003506423 
041 0 |a eng 
044 |a GB 
245 1 0 |a The Economics of Regional Integration  |c Edited by Sándor Gyula Nagy 
250 |a 1st Edition 
264 1 |a Abingdon  |b Routledge  |c 2025 
300 |a 353 s. 
500 |a Taylor and Francis e-books. 
610 2 0 |a integrácia regionálna 
610 2 0 |a spolupráca regionálna 
610 2 0 |a spolupráca medzinárodná 
610 2 0 |a hospodárstvo regionálne 
610 2 0 |a Európska únia 
610 2 0 |a Balkán 
610 2 0 |a ASEAN 
610 2 0 |a Mercosur 
700 1 |a Nagy, Sándor Gyula